02004nam a2200373 u 4500001001000000003000900010005001700019007000300036008004100039020001500080040002500095041001300120082002400133110013500157245022900292246012300521246010700644260009700751300003500848500003500883500002600918500004300944590002600987600006801013600008101081650005701162700004101219700004601260910003801306942001401344952013401358952012301492999001501615000003260DO-SdBNP20220401141637.0ta090707s2006 dr ac 000 0 spa d a9945433016 aDO-SdBNPbspacBNPHU17aspa2eng 4a327.7293bR426p2221 aRepública Dominicana.bPresidencia de la República. Dirección de Información, Prensa y Publicidad de la Presidencia91026910aVisita oficial al Reino Unido de Gran Bretaña e Irlanda del Norte del Dr. Leonel Fernández Reyna =bOfficial visit or Dr. Leonel Fernández Reyna president of the Domninican Republic to the United Kingdom and Northern /1 aOfficial visit or Dr. Leonel Fernández Reyna president of the Domninican Republic to the United Kingdom and Northern14aLa búsqueda del progreso :bVisita presidencial al Reino Unido de Gran Bretaña e Irlanda del Norte aSanto Domingo :bDirección de Información, Prensa y Publicidad de la Presidencia,c2006. a39 p. :bil., retrs. ;c24 cm. aTexto en español e inglés. aTexto a dos columnas. aGobierno constitucional 2004 - 2008.  aInventariado, 2018/BT10aFernandez, Leonel, xVisitas de estado zGran Bretaña 91027014aFERNANDEZ REYNA, LEONEL ANTONIOxVISITAS DE ESTADOzIRLANDA DEL NORTE910271 4aRepública dominicanaxRelaciones exteriores910272 aMedina, ManoloeFotografías981401 aMartínez, Pedro Ängel eTextos981402 aValidado. Control de calidad. MFF 2ddccLBS1 00102ddc53708PDaBNPHUbBNPHUcHDd2009-07-07eDonadol0oBNPHU PD 327.7293 R426pp3260-10r2020-06-25w2020-06-25yLBS1zS/A 0010718PDaPDbPDcHDd2014-07-21iLF1l0o327.7293 R426pp3260-20r2020-06-25te. 2w2020-06-25yLFPDZNo se presta c3091d3091